| 000 | 00837nam a22002657a 4500 | ||
|---|---|---|---|
| 003 | OSt | ||
| 005 | 20250528100043.0 | ||
| 008 | 250528b |||||||| |||| 00| 0 eng d | ||
| 020 | _a9781138816947 | ||
| 020 | _a9781315745855 | ||
| 040 | _aSEKU | ||
| 050 |
_aHD 9000.5 _b.F66 |
||
| 245 |
_aFood security, gender and resilience: _bImproving smallholder and subsistence farming/ _cedited by Leigh Brownhll, Esther M. Njuguna |
||
| 260 |
_aLondon: _bRoutledge, _c2016. |
||
| 300 |
_a176 p.: _bill. |
||
| 504 | _aIncludes bibliographical references and index. | ||
| 650 | _aFood security | ||
| 650 | _aSustainable development | ||
| 650 | _aWomen in development | ||
| 650 | _aResilience (Ecology) | ||
| 650 | _aGender identity. | ||
| 700 | _aBrownhill, Leigh, editor | ||
| 700 | _aNjuguna, Esther M., editor | ||
| 942 |
_2lcc _cGEN |
||
| 999 |
_c18559 _d18559 |
||